000 01150cam a2200301 i 4500
001 17048
003 Mx-PuUPA
005 20251022121127.0
008 140415s1951 mx gr 000 0 spa d
040 _aMx-PuUPA
_bspa
_cMx-PuUPA
_dMx-PuUPA
_erda
041 1 _aspa
_heng
100 1 _aTrevelyan, G. Macaulay,
_eautor
240 1 4 _aThe english revolution, 1688-1689.
_lEspañol
245 1 3 _aLa revolución inglesa :
_b1688-1689 /
_cG. Macaulay Trevelyan ; traducción de Florentino M. Torner
250 _aPrimera edición
264 1 _aMéxico, D.F. :
_bFondo de Cultura Económica,
_c1951
300 _a192 páginas ;
_c18 cm
336 _2rdacontent
_atexto
_btxt
337 _2rdamedia
_asin medio
_bn
338 _2rdacarrier
_avolumen
_bnc
490 0 _aBreviarios del Fondo de Cultura Económica ;
_v43
651 7 _aGran Bretaña
_xHistoria
_yRevolución, 1688-1689
700 1 _aTorner, Florentino M.,
_etraducción
765 0 _aTrevelyan, G. Macaulay
_tThe english revolution, 1688-1689.
_dLondres : Oxford University Press, 1938
942 _2ddc
_cLI
_h942.06
_iT78
999 _c17048
_d17048